000
00329nam a2200133Ia 4500
008
191201s2007 xx 000 0 und d
100
_a
KISHORE, S
245
0
_a
Software Requirements and Estimation
260
_a
N.Delhi
_b
Tata mc Graw Hill
_c
2007
300
_a
-
650
_a
B.Tech(IT)
700
_a
NAIK, R
942
_2
ddc
_c
BK
999
_c
2949
_d
2949